Normal view MARC view
  • Gunaji Aditi

Entry Personal Name

Number of records used in: 2

001 - CONTROL NUMBER

  • control field: 182616

003 - CONTROL NUMBER IDENTIFIER

  • control field: OSt

005 - DATE AND TIME OF LATEST TRANSACTION

  • control field: 20230605084949.0

008 - FIXED-LENGTH DATA ELEMENTS

  • fixed length control field: 230605|| aca||aabn | a|a d

040 ## - CATALOGING SOURCE

  • Original cataloging agency: OSt
  • Transcribing agency: OSt

100 ## - HEADING--PERSONAL NAME

  • Personal name: Gunaji Aditi

670 ## - SOURCE DATA FOUND

  • Source citation: Work cat.: (OSt)160678: Gunaji Aditi, Asu A Life Of Spiritual World Spiritual And Meditation Centre At Gorhe, 2014